Konkretizovaný menový program NBS na rok 2000

Banková rada NBS na svojom zasadnutí dňa 19. mája 2000 prerokovala konkretizovaný menový program NBS na rok 2000. Uskutočnila mierne korekcie aj v oblasti cieľov a zámerov menovej politiky NBS v sledovanom období.

Guardado en:
Detalles Bibliográficos
Formato: Capítulo de libro
Lenguaje:eslovaco
inglés
Materias:
Etiquetas: Agregar Etiqueta
Sin Etiquetas, Sea el primero en etiquetar este registro!

MARC

LEADER 00000naa a2200000 4500
001 r038604
005 20041019155614.8
041 0 |a slo 
041 0 |a eng 
044 |a SK 
245 1 0 |a Konkretizovaný menový program NBS na rok 2000 
520 |a Banková rada NBS na svojom zasadnutí dňa 19. mája 2000 prerokovala konkretizovaný menový program NBS na rok 2000. Uskutočnila mierne korekcie aj v oblasti cieľov a zámerov menovej politiky NBS v sledovanom období. 
610 2 0 |a NBS Bratislava 
610 2 0 |a program menový 
610 2 0 |a politika menová 
610 2 0 |a Slovensko 
610 2 0 |a 2000